[Event "AUTO-INT-912"]
[Site "http://www.queenalice.com/game.php?id=407528"]
[Date "2008.5.24"]
[Round "1"]
[White "Ghandy"]
[Black "Palominov"]
[Result "0-1"]
[WhiteElo "1305"]
[BlackElo "1944"]

1. e4 c5 2. Nf3 Nc6 3. d4 cxd4 4. Nxd4 g6 5. Nc3 Bg7 6. Be3 Nf6 7. Nxc6 bxc6 8.
Bc4 O-O 9. Qd2 d6 10. O-O a5 11. a4 Rb8 12. b3 Rb4 13. h3 Nxe4 14. Nxe4 Bxa1 15.
Rxa1 d5 16. c3 Rb8 0-1

[Event "AUTO-INT-912"]
[Site "http://www.queenalice.com/game.php?id=407545"]
[Date "2008.5.24"]
[Round "1"]
[White "Ghandy"]
[Black "gladdies"]
[Result "0-1"]
[WhiteElo "1331"]
[BlackElo "1623"]

1. e4 d5 2. exd5 Qxd5 3. Nc3 Qd8 4. Bc4 Nf6 5. d4 e6 6. Nf3 c6 7. O-O Bd6 8. Bg5
h6 9. Bxf6 Qxf6 10. Ne4 Qe7 11. Ne5 O-O 12. Nxd6 Qxd6 13. Qf3 Qxd4 0-1

[Event "AUTO-INT-912"]
[Site "http://www.queenalice.com/game.php?id=407546"]
[Date "2008.5.24"]
[Round "1"]
[White "gladdies"]
[Black "Ghandy"]
[Result "1-0"]
[WhiteElo "1628"]
[BlackElo "1316"]

1. e4 c5 2. Nf3 Nc6 3. d4 cxd4 4. Nxd4 g6 5. Nxc6 bxc6 6. Bd3 Bg7 7. O-O Nf6 8.
Re1 O-O 9. Nd2 d5 10. exd5 cxd5 11. h3 Bb7 12. Nf3 Rc8 13. Bg5 e6 14. Ne5 1-0

[Event "AUTO-OPEN-1228"]
[Site "http://www.queenalice.com/game.php?id=448123"]
[Date "2008.8.13"]
[Round "1"]
[White "sora07"]
[Black "Ghandy"]
[Result "1-0"]
[WhiteElo "1530"]
[BlackElo "1381"]

1. Nf3 d5 2. d4 Nc6 3. Nc3 e6 4. Bd2 Bb4 5. e3 Nf6 6. Be2 O-O 7. a3 Ba5 8. b4
Bb6 9. O-O Re8 10. Ne5 Nxe5 11. Re1 Ng6 12. Bf3 c6 13. b5 c5 14. dxc5 Bxc5 15.
a4 e5 16. e4 d4 17. Nd5 1-0

[Event "AUTO-OPEN-1228"]
[Site "http://www.queenalice.com/game.php?id=448124"]
[Date "2008.8.13"]
[Round "1"]
[White "Ghandy"]
[Black "sora07"]
[Result "1-0"]
[WhiteElo "1369"]
[BlackElo "1376"]

1. e4 e5 2. Nf3 Nc6 3. Nc3 d6 4. Bc4 Be7 5. Nd5 Nf6 6. d3 O-O 7. Ng5 h6 8. h4
hxg5 9. hxg5 Nxd5 10. Qh5 g6 11. Qh8# 1-0

[Event "AUTO-OPEN-1228"]
[Site "http://www.queenalice.com/game.php?id=448149"]
[Date "2008.8.13"]
[Round "1"]
[White "Ghandy"]
[Black "allynne_12"]
[Result "0-1"]
[WhiteElo "1401"]
[BlackElo "1819"]

1. e4 e5 2. Nf3 d6 3. Nc3 c6 4. Bc4 h6 5. d4 exd4 6. Nxd4 Nf6 7. Bf4 Be7 8. Qe2
a5 9. O-O-O O-O 10. h4 b5 11. Bd3 Na6 12. Nxc6 Qc7 13. Bxb5 Nb4 14. Nxb4 axb4
15. Na4 Be6 16. b3 Rfc8 17. Rd2 Ng4 18. f3 Ne5 19. Bxe5 dxe5 0-1

[Event "AUTO-OPEN-1228"]
[Site "http://www.queenalice.com/game.php?id=448150"]
[Date "2008.8.13"]
[Round "1"]
[White "allynne_12"]
[Black "Ghandy"]
[Result "1-0"]
[WhiteElo "1817"]
[BlackElo "1401"]

1. e4 e5 2. Bc4 Nf6 3. d3 Bc5 4. h3 d5 5. exd5 Nxd5 6. Qf3 O-O 7. Bxd5 Nd7 8. c4
Nf6 9. Bg5 Bb4+ 10. Nc3 Bxc3+ 11. bxc3 c6 12. Be4 h6 13. Bxf6 Qxf6 14. Qxf6 gxf6
15. g4 Be6 16. a4 Rfd8 17. Nf3 h5 18. gxh5 f5 19. Rg1+ 1-0

[Event "AUTO-INT-1058"]
[Site "http://www.queenalice.com/game.php?id=472517"]
[Date "2008.10.3"]
[Round "1"]
[White "The_Searcher"]
[Black "Ghandy"]
[Result "1-0"]
[WhiteElo "1339"]
[BlackElo "1428"]

1. e4 e5 2. Nf3 Nc6 3. Bb5 Nf6 4. Nc3 Bc5 5. d3 d6 6. O-O Ng4 7. Bg5 f6 8. Bh4
Be6 9. h3 h5 10. Bg3 g5 11. h4 1-0

[Event "AUTO-INT-1058"]
[Site "http://www.queenalice.com/game.php?id=472518"]
[Date "2008.10.3"]
[Round "1"]
[White "Ghandy"]
[Black "The_Searcher"]
[Result "0-1"]
[WhiteElo "1401"]
[BlackElo "1389"]

1. g3 e5 2. Bg2 d5 3. Nf3 Nc6 4. O-O Bg4 5. d3 d4 6. e4 Nf6 7. Bg5 Be7 8. Nbd2
O-O 9. Nc4 h6 10. Bxf6 Bxf6 0-1